Statystyki dla PL - Legendy Polskiego Youtube Cz.1

Kliknij tutaj aby rozwiązać quiz!

Ogólne statystyki

  • Ten quiz został rozwiązany 8 148 razy
  • Średni wynik to 13 z 50

Statystyki odpowiedzi

PytWskazówkaTwórca% Poprawnych
1Najpopularniejszy youtuber w Polsce pod względem liczby subskrypcji [2019]Blowek
94%
2Jeszcze niepełnoletni twórca ,który na przełomie roku 2018/2019 podbił Polski youtube kontrowersyjnymi filmikami na temat prowadzonego przez siebie prestiżowego życia.Lord Kruszwil
94%
16Słynie z nie ustawionych pranków - , ikona powiedzenia : "It's a prank bro hahahah" . Nigdy nie wiesz kiedy mąka wystrzeli z suszarki ,albo nasikasz na "niewidoczną folię" :DMarcin Dubiel
52%
8Znany jest ze swoich nietypowych „unboxingów”. Swoją twarz ukrywał pod maską ,którą pokazał dopiero w sierpniu 2017 roku. Obecnie posiada juz ponad 1,5 mln subskrybcji.THEUNBOXALL
48%
2214-letni twórca , wybił się dzięki wykopowi. Od pewnego czasu bardzo hejtowany za brak oryginalnego kontentu i pomysłu na swój kanał.Zwariowany Marcin
46%
5Pierwszy polski minecrafter, swoją popularność zawdzięcza trzyczęściowej serii „Przygody z Minecraft”. W pewnym momencie zniknął z platformy , a następnie wrócił po kilku latach aby poinformować ,że zawiesza swoją działalność. Obecnie zajmuje się tworzeniem streamów z gier na platformie Twitch.JJayJoker
45%
15Najpopularniejszy kanał z ciekawostkami na polskim YouTube . Właścicielem kanału jest Jacek Makarewicz ,znany również se swojej produkcji animacyjnej: "Polish Sausage"Planeta Faktów
44%
50Twórczyni jednego z najbardziej kontrowersyjnych i erotycznych kanałów na polskim YouTubie. Od pewnego czasu prezentuje nam również swoje umiejętności piosenkarskie... Sama o sobie mówi, że jest nowoczesną nauczycielką edukacji seksualnej, dla osób w każdym wieku.SexMasterka
42%
18Już 30 paro-letni prezenter, publicysta i satyryk Maciej Frączyk. W swoim najpopularniejszym klipie sprzed trzech lat całkiem jawnie krytykował telewizyjne „Trudne sprawy”.Niekryty Krytyk
41%
45Specjalizuje się w komentowaniu współczesnych programów paradokumentalnych.Wywoływanie śmiechu u swoich widzów to dla niego codzienność. Jego najpopularniejszą serią jest "Poniedziałkowy ______".Naruciak
40%
4Uwielbiana, kulturalna internetowa starsza Pani nagrywająca vlogi o różnorakiej tematyce. Swoją stałą działaność na youtubie prowadziła w latach od 2009-2014r, uczestniczka paradokumentu Klatka B ,jej operatorem jest Bartosz. Musisz ją znać - Podaj imie i nazwiskoBarbara Kwarc
37%
29Patostreamer - Konkurent innego znanego "twórcy" czyli Daniela "DanielMagical" Zwierzyńskiego z Torunia, panowie mają o sobie nawzajem dość negatywne zdanie. Od drugiej połowy stycznia 2018 roku jego filmy można zobaczyć również na stronach takich jak Pornhub czy XvideosRafatus
37%
32Łączy w sobie niesamowitą pasję do gier i muzyki. Myślę ,że każdy kojarzy chociaż jedną z jego piosenek takich jak : "Kobieta z Brodą" , "Five Nights at Freddy's - Niczego nie żałuję" czy "Znowu mam bana" w duecie z niegdyś zwanym Minecraftblow. Kiedyś znany pod pseudonimem "Masterczułek"Dezy
35%
17Kiedyś minecrafter z grzywką. Dzisiaj twórca rapu i trapu z dredami. Jego piosenki usłyszymy dziś nawet w radiu. Ale czy wiesz jak nazywał się kiedyś?multigameplayguy
35%
23Sportowcy z dziedziny siłowni. Michał Owczarzak, Michał Sakowski, Paweł Sikora, Robert Orzechowski . Ich motto brzmi "Jedz co chcesz wyglądaj jak chcesz'. Wspólnie współtworzą projekt ,który nazywa się:Warszawski Koks
35%
38Zanim zaczął publikować na YouTube’ie zajmował się redagowaniem treści na stronie internetowej związanej z gaming’iem i polską sceną fantastyki. Oprócz licznych “let’s play’ów”, które nagrywał w towarzystwie choćby Gimpera czy ROJA recenzuje gry, prowadzi vloga, omawia nadchodzące premiery gier czy wreszcie komentuje różne imprezy. Zajmuje się także castingiem najciekawszych streamów oraz imprez gaming’owych. rugą ważną osobą, zarówno dla twórcy, jak i dla większości widzów, jest pojawiający się we vlogach syn Twórcy - Mikołaj. Niegdyś znany jako Rock AloneRemigiusz Maciaszek
34%
28Urodzony w 1989r. w Poznaniu. Jego dzielnica to łazarz i z nią się nie rozstaje (Chyba że akurat robi biznesy w Warszawie). Zawodnik MMA, raper, biznesmen, mentor i kulturysta. Autor piosenki "Na Łazarskim Rejonie"Bonus BGC
32%
26Młody chłopiec, który w krótkim czasie podbił Internet zamieszczając na YouTube swoje „umiejętności” freestyle’owe. Jego Dissy na kolegów już przeszły do historii, a popularny zwrot „____ daje fula” zna chyba każdy, kto choć raz spotkał się z jego filmami.Kula
32%
49Na filmach komentuje i ocenia on śmieszne filmiki, które podsyłane są przez jego widzów. Równie popularny jest jego drugi kanał "A co my tu mamy?"Poszukiwacz
32%
21Vloger, montażysta, reżyser, producent, artysta, muzyk, poeta, myśliciel, filozof, geniusz. Tak właśnie opisuje własną osobę. ak sam mówi, ma obszerne poczucie humoru – śmieje się z rzeczy infantylnych, ale także i tych wysublimowanych. Poprzez śmiech i satyrę obnaża wszelkie kłamstwa i naciągnięcia, których dopuszczają się inni YouTube'owi twórcy.Gargamel
29%
7Kobieta działająca w Eksperymencie - którego celem było podjęcie problemu przemocy słownej w internecie, źle pojmowanej wolności słowa oraz agresji . Tak naprawdę nigdy nie istniała ,a zatrudniona była przez autorów popularnego paradokumentu "Klatka B"do odgrywania swojej roli... Katolicki głos w internecieGrażyna Żarko
28%
3Kultowa i legendarna postać, autor określenia "cebulaki" oraz prekursor powstania mema "nosacz polski". Vloger, satyryk,bluźnierca,satanista,narcyz,kulturysta. Uznawany za najwibitniejszego internetowego trolla.Testoviron
27%
37Youtuberka , która lubuje się w stylach Nu Goth oraz Pastel Goth. Na swoim kanale posiada ponad 400tyś subskrybcji. . Uwielbia nagrywać vlogi ,smarować twarz Nutellą,czy oglądać anime.Znajduje się w czołówce najbardziej hejtowanych polskich twórców internetowychNanami Chan
26%
33Młody twórca , vloger. Autor dissu na swoją młodszą siostrę LilSis , którą nazywa "Deską" , w 2019 miał przyjemność razem z rodzeństwem odwiedzić studio UWAGA TVN.Narcyz
26%
30Wierny mąż swojej pięknej żony Małgorzaty, vloger od 2012 roku, youtuber, wybitny ekspert od blokady płyt głównych i całek. Jego największym wrogiem jest Paweł Wojczak. "Pluje na wszystkich totalnie"TIGER BONZO
25%
48Chłopak zzagranicy specializujący się w zwariowanych eksperymentach , pomimo tego ,że działa na youtube dopiero od 2016 roku nie przeszkodziło mu to w przekroczeniu ponad 1mln progu subskrybcji.Dawid Frank
22%
14Jedna z największych muzycznych gwiazd youtube. Twórca projektu "Klej Nuty"CeZik
21%
20Pochodzi on z Legnicy. Rozpoczął działalność w wieku 19 lat. Kilka lat temu założył wraz z kolegami kanał na Youtube. Później każdy rozszedł się w swoją stronę. Na samym początku tworzył grafiki , potem jednak zauważył go inny Youtuber, Skkf. - Zaczął go polecać na swoich filmikach, a następnie z nim nagrywać - Tak rozpoczęła się właśnie jego internetowa przygoda.JDabrowsky
21%
40Początkowo nagrywał filmy w języku angielskim, podczas których przedstawiał różne skecze, albo udzielał się u swoich zagranicznych kolegów na gameplayach. Uważa,że kiedy ktoś pod jego filmem pisze, że "frajda została wygenerowana", to jest to dla niego największy komplement oraz motywacja do dalszej działalności na swoim kanaleGenerator Frajdy
20%
9Mieszkaniec tarnowa ,przekroczył barierę 30 lat, co jak na YouTube'owy świat może wydawać się dużą liczbą, jednak to absolutnie nie przeszkadza mu w pozyskiwaniu sympatii swojej prawie 400 tysięcznej widowni. Swoją popularność zawdzięcza m.in serią "Minecraft __Box Solo" czy "Techniczny _____" . Uczestnik projektów Kwadratowa Masakra oraz Forteca.Husiek
20%
35Swoją przygodę rozpoczęł nie w sieci, lecz w telewizji. Swoje pierwsze kroki stawiał jako prowadzący popularnego programu Big Brother [Ale tego z 2008 roku] , Aktualnie na zlecenie TVN tworzy lubianą serię Nowy Gadżet, która przyniosła mu sporą popularność – głównie za sprawą ciekawego sposobu opisywania testowanych sprzętów.Kuba Klawiter
20%
6Legenda Polskiego Metina . Jako pierwszy w Polsce osiągnął 99lvl w grze. Właściciel prywatnego serwera metin2 : Balmora.pl i wielki wróg IsamuXPompa. Do teraz nie wiadomo jak zabił czerwonego smoka pięściami :DFUBUxMETIN
19%
36Naczelni pranksterzy i śmieszki polskiego YouTube'a. Posiadają ponad 400tysięczną widownię.oprócz prankowania przechodniów na ulicach Łodzi, na swoim koncie mają także sprankowanie prezydenta Andrzeja Dudy, podczas szczegółowo zaplanowanej akcji, czy Kuby Wojewódzkiego, którego spotkali na stacji paliwJeleniejaja
19%
34Kanał stworzyło troje studentów z Gdańska, znani z serii filmików ,na których sprawdzana jest podstawowa wiedza przypadkowo spotkanych nastolatków – a w zasadzie obnażany jest przerażający brak tej wiedzy.MaturaToBzduraTV
19%
31Na youtube działa już od 2010 roku. Prowadzi on kanał gamingowy, na którym dzieli się z widzami swoimi przeżyciami podczas grania oraz przemyśleniami odnośnie do gier. Początek jego nazwy tłumaczy się następująco: "Civilization Tastes So Good" , pozostałe dwie liczby to rocznik jego urodzenia.CTSG87
15%
11Vloger słynący z poradników internetowych - Nie wiesz jak włączyć komputer? Koniecznie obejrzyj jego poradnik! Obecnie prowadzi kanał DallasStudiosKamil Steinbach
15%
12Vloger działający w 2013 roku. Największą popularność zawdzięcza swojemu filmikowi "Mogę Być Winna Grosika?" oraz kwestii "JAKI JEST KOD NA ZIEMNIAKI?!!!"kolorowyvlog
13%
19Pierwszym etapem jego sławy na youtubie był konflikt ze znaną postacią gry Metin2 - Fubu, dalej przyjaźń z Isamu i wielka afera MineCash (keyloggera w paczce modów Minecraft). Po aferze YouTuber uciekł z świata internetu, by w 2013 roku wrócić. Właśnie wtedy ponownie się wybił. W krótkim czasie osiągnął ponad 100 tysięcy subskrybentów oraz poznał Martynę - Carambolę.Powiedział, że zarobił setki tysięcy złotych, które rozeszły się w powietrzu. Teraz jest już bankrutem i sam przyznał ,że ma problemy z alkoholem co jest powodem jego odejścia z youtube. Obecnie jego kanał wraz ze wszelkimi filmikami został usunięty.Negatyw
13%
41Nazywa się Dawid , swoją popularność zawdzięcza serii, w której Dawid trolluje innych graczy CS:GO przy pomocy znanych YouTuberów. Drugą najpopularniejszą serią na jego kanale są Funny Moments z różnych gier.Taku
11%
44Postac wykerowana przez Filipa Kulona . Jeżeli potrzebujesz sporej dawki motywacji do terningów na siłowni jego kanał z pewnością jest dla ciebie :) Znany międzyinnymi z serii takich jak: "_____ testy", "Ojciec____", "_____ Gejmer" czy "Życie według _____".Paris Platynov
10%
42Swoją przygodę z YouTubem rozpoczął właśnie od filmów, na których trollował ludzi na TeamSpeak'u zadając im głupie pytania, czy opowiadając różnego typu żarty. W trollowaniu dzielnie towarzyszył mu "jego brat – Kacperek" , który jest bardzo młodą osobą, co słychać po jego głosie. Kacperek, choć głos ma niepozorny, to odzywkami mógłby zawstydzić niejednego osiedlowego huligana. Twórca niespodziewanie zniknął z youtube , do teraz nie wiadomo kim był.MineJaszczur
9%
10Sympatyczny minecrafter , możesz poznać go po jego charakterystycznym przywitaniu "Siemaaa nieee :D" . Współzałożyciel Kwadratowej Masakry od III sezonu. Zniknął z youtuba i od ponad 2lat nie wrzuca już filmików na swój kanał.IROLLGRA IROLL
8%
27Jeden z najpopularniejszych polskich recenzentów podzespołów komputerowych i sprzętów z nim związanych od 2012roku. Niegdyś członek grupy Morele.net, nastepnie x-kom a dzis prowadzi już swój prywatny kanał.Posiada również jedne z najpopularniejszych forów IT w naszym kraju. Każdy z informatycznego swiata musi go znać. W tajemnicy popija herbatkę "Sagę"TechLipton
8%
46Podbił youtube dzięki swoim animatorskim zdolnością. Jego przygoda z animacją rozpoczęła się, gdy poznał FNAF'a . Przekroczył on barierę miliona subskrybcji, chociaż na swoim kanale ma aktualnie "tylko" 50 filmów, w których nie występuje żaden znany YouTuber".Zajcu37
7%
25Jego filmy dla jednych były żenujące, a inni mogli się przy nich uśmiać. Niektóre z nich mają nawet po kilka milionów wyświetleń. Chociaż jego oglądalność drastycznie spadła, to nadal jest on aktywny na YouTube i regularnie zamieszcza coraz to nowe materiały. Brał udział w reklamie firmy Media Markt.Gracjan Roztocki
6%
13Uwazany za jednego z największych luzaków Polskiego Youtube. Mieszka w Irlandii. Zasłyną ze swojej kultowej serii "Słów Kilka" oraz powiedzenia "Best bit eve!!!"aroehemix
4%
43Autor słynnego Mózgotrzepu . Na swoim kanale umieszcza filmy jedynie z gry minecraft, na których zachwyca wszystkich swoim niezwykle skrzeczliwym głosem,z którego słynie. Uważa się ,że jest nim popularny youtuber "Vertez" .Pan Śmietnka
4%
39Młoda youtuberka Julia urodzona w 2001 roku. Na jej kanale znajdziemy m.in haule zakupowe, vlogi z podróży, tutoriale czy testy kosmetyków. Wspólnie ze swoją siostrą Amelią prowadzi również kanał Siostry Zalewskie.Planeta Stylu
4%
47Jego pierwszym filmikiem był “Gdy coś się dzieje”, w którym krótko wyraża swoją irytację tym, że ludzie przypominają sobie o innych właśnie wtedy, gdy mają jakiś problem. Jego kanał nie ma wiodącego tematu przewodniego specializuje się on m.in w filmach dot.dziwnych filmików w sieci, nastolatków, ale także spraw poważnych, jak np. zamachy terrorystyczne na świecie.Pracuje w radiu Young StarsSerafinTV
4%
24Vlogerka, z Gdyni przyjaciółka Luntka. Jej filmy były ostro hejtowane przez internautów. Próbowała ona stworzyć kanał o modzie, jednak nienawiść internautów, bardzo przeciętna jakość filmików i mało profesjonalne podejście do pracy sprawiło, że stała się pseudo-gwiazdą YouTube’aPiguła z Gdyni
2%

Rozkład punktacji

Percentyl według liczby udzielonych odpowiedzi

Procent ludzi z każdym wynikiem

Twoja historia wyników

Nie rozwiązałeś tego quizu